| 000 | 00551nam a22001697a 4500 | ||
|---|---|---|---|
| 999 |
_c5299 _d5299 |
||
| 008 | 150909b xxu||||| |||| 00| 0 eng d | ||
| 020 | _a100132239019 | ||
| 050 | _aGB 54.5 .M39 2008 | ||
| 100 | _aMcKnight,Tom L. | ||
| 245 |
_aPhysical geography: _ba landscape appreciation. |
||
| 250 | _a9th ed | ||
| 260 |
_aNewJersey: _bPearson, _c2008. |
||
| 300 |
_axxv,611[51]p. : _c28cm. |
||
| 504 | _aIncludes bibliographical references and index. | ||
| 650 | _aPhysical geography. | ||
| 700 | _aHess,Darrel. | ||
| 942 |
_2lcc _cBOOKS _hGB 54.5 .M39 2008 _01 |
||